000 00878nam a2200277 a 4500
999 _c789
_d789
008 191030s2008 ii ad||g |||| 00| 0 eng d
020 _a9780070187757
_cRs. 550.00
040 _aKO
_beng
041 0 _aeng
044 _aii
082 0 4 _223
_a658.45
_bM951
100 1 _aMurphy, Herta A.
245 1 0 _aEffective Business Communication /
_cHerta A. Murphy, Herbert W. Hildebrandt and Jane P. Thomas
250 _a7th ed.
260 _aNew Delhi :
_bMcGraw Hill Education (India) Private Limited. ,
_c2008
300 _axx, 619 p. :
_bill. ;
_c24 cm.
504 _aIncludes Index.
650 0 _aBusiness report writing
_vTextbooks
650 0 _aBusiness communication
_vTextbooks
650 0 _aBusiness practices Communication;
_vTextbooks
700 _aHildebrandt, Herbert W.
_eaut
700 _aThomas, Jane P.
_eaut
904 _aA_BOSE
942 _cBK